000 00338cam a22001097a 4500
008 180718b1961 xxu||||| |||| 00| 0 eng d
082 _aK11mx73 Un3 61
245 _aProposal for a national Urban personnel exchange
260 _aWashington
_bMunicipal Manpower Commission
_c1961
300 _aiii, 18p
650 _aPersonnel , Public - U.S.A.
999 _c416358
_d416358